[Event "Koege Lang Sommer Weekend 2020"]
[Site "Koge"]
[Date "2020.07.26"]
[Round "6"]
[White "Refsgaard, Kaj"]
[Black "Moller, Arne Vagn"]
[Result "0-1"]
[WhiteElo "1610"]
[BlackElo "1893"]
[EventDate "2020.07.??"]
[EventType "swiss"]
[EventRounds "7"]
[EventCountry "DEN"]

1. Nf3 Nf6 2. c4 c5 3. g3 Nc6 4. d3 g6 5. Nc3 Bg7 6. Bg2 a6 7. O-O O-O 8. a3 d6
9. Rb1 e6 10. Bg5 Qc7 11. Qd2 Bd7 12. Bh6 Rab8 13. Bxg7 Kxg7 14. Ng5 b5 15.
Nge4 Nxe4 16. Nxe4 f6 17. cxb5 axb5 18. Rfc1 f5 19. Qc3+ e5 20. Nd2 Nd4 21. Kf1
Rfc8 22. e3 Ne6 23. Bd5 Qd8 24. b4 Qf6 25. Nf3 Bc6 26. Bxc6 Rxc6 27. bxc5 Rxc5
28. Qa5 Rbc8 29. Rxc5 Rxc5 30. Qa7+ Kh6 31. Qd7 e4 32. dxe4 fxe4 33. Ne1 Rf5
34. f4 exf3 35. Kf2 Ng5 36. Rb4 Ne4+ 37. Rxe4 Qb2+ 38. Kg1 f2+ 39. Kg2 0-1

[Event "Koege Lang Sommer Weekend 2020"]
[Site "Koge"]
[Date "2020.07.26"]
[Round "6"]
[White "Dymov, Evgenii"]
[Black "Saravana, Vedant Kumar"]
[Result "1-0"]
[WhiteElo "1336"]
[BlackElo "1718"]
[EventDate "2020.07.??"]
[EventType "swiss"]
[EventRounds "7"]
[EventCountry "DEN"]

1. e4 e5 2. f4 exf4 3. Nf3 Nc6 4. d4 d5 5. e5 Nge7 6. Bxf4 Ng6 7. Bg3 Be7 8.
Bd3 Bg4 9. c3 O-O 10. O-O Qd7 11. Qc2 Nd8 12. Nbd2 Ne6 13. h3 Bxf3 14. Rxf3 c5
15. dxc5 Bxc5+ 16. Kh2 Qc6 17. Rf5 Be3 18. Nf3 Bf4 19. Bxf4 Nexf4 20. Nd4 Qb6
21. b3 Rac8 22. Rf1 Nxd3 23. Qxd3 a6 24. Qe3 Qc7 25. Rc1 Rfe8 26. Nf3 f6 27.
Qd4 Qd7 28. e6 Qxe6 29. Rxd5 Ne7 30. Rd6 Qf5 31. Re1 Nc6 32. Rxe8+ Rxe8 33.
Qc4+ Kh8 34. Rd1 Ne5 1-0

[Event "Koege Lang Sommer Weekend 2020"]
[Site "Koge"]
[Date "2020.07.26"]
[Round "6"]
[White "Jarlskov, Daniel Tuk Hartso"]
[Black "Kaergaard, Sissel"]
[Result "0-1"]
[WhiteElo "1770"]
[BlackElo "1638"]
[EventDate "2020.07.??"]
[EventType "swiss"]
[EventRounds "7"]
[EventCountry "DEN"]

1. c4 Nf6 2. d4 d5 3. cxd5 Nxd5 4. e4 Nf6 5. Nc3 e6 6. Nf3 Be7 7. Bf4 a6 8. Rc1
O-O 9. Bd3 Nbd7 10. Qc2 h6 11. h4 c5 12. d5 Nb6 13. Rg1 exd5 14. e5 Ng4 15. Nd2
Bxh4 16. g3 Bg5 17. f3 Bxf4 18. fxg4 Bxe5 19. Nf3 Qf6 20. g5 Qxf3 21. Kd2 Bxg3
22. Rcf1 Bf4+ 23. Ke1 Qe3+ 24. Ne2 Bxg5 25. Rg3 Qe5 26. Kd1 c4 27. Bh7+ Kh8 28.
Rfg1 g6 29. Bxg6 fxg6 30. Rxg5 Bf5 31. Rxg6 Bxc2+ 32. Kxc2 Qxe2+ 33. Kc3 Rf3+
34. Kb4 Qxb2+ 35. Kc5 Nd7+ 36. Kd6 Rf6+ 37. Kxd7 Rxg6 0-1

[Event "Koege Lang Sommer Weekend 2020"]
[Site "Koge"]
[Date "2020.07.26"]
[Round "6"]
[White "Keinicke, Mads"]
[Black "Mollasoltani, Aryan"]
[Result "0-1"]
[WhiteElo "1877"]
[BlackElo "1439"]
[EventDate "2020.07.??"]
[EventType "swiss"]
[EventRounds "7"]
[EventCountry "DEN"]

1. d4 Nf6 2. Nc3 d5 3. Bf4 Bf5 4. f3 e6 5. g4 Bg6 6. h4 h5 7. g5 Nfd7 8. e3 Nb6
9. a3 Bd6 10. Bd3 Bxf4 11. exf4 Bxd3 12. Qxd3 Qd6 13. Nge2 g6 14. b3 Nc6 15.
Qe3 O-O-O 16. Nc1 Ne7 17. Qe5 Nf5 18. N3e2 Qc6 19. Qf6 Qe8 20. Nd3 Nd7 0-1

[Event "Koege Lang Sommer Weekend 2020"]
[Site "Koge"]
[Date "2020.07.26"]
[Round "6"]
[White "Andersen, Daniel"]
[Black "Meskenas, Vaidas"]
[Result "1-0"]
[WhiteElo "1747"]
[BlackElo "1297"]
[EventDate "2020.07.??"]
[EventType "swiss"]
[EventRounds "7"]
[EventCountry "DEN"]

1. c4 e5 2. Nc3 Nf6 3. Nf3 Nc6 4. e4 Bb4 5. d3 d6 6. h3 O-O 7. g3 Nd4 8. Bg2 a6
9. O-O b5 10. cxb5 Nxb5 11. Nxb5 axb5 12. Qb3 c5 13. a3 Be6 14. Qc2 Ba5 15. Be3
Qd7 16. Kh2 Rfd8 17. Ng5 d5 18. Nxe6 Qxe6 19. exd5 Nxd5 20. Bd2 b4 21. Qxc5 f6
22. axb4 Bb6 23. Rxa8 Rxa8 24. Qxd5 Re8 25. Qxe6+ Rxe6 26. Bd5 1-0

[Event "Koege Lang Sommer Weekend 2020"]
[Site "Koge"]
[Date "2020.07.26"]
[Round "6"]
[White "Li, Nikolaj"]
[Black "Haagen Larsen, Hans"]
[Result "0-1"]
[WhiteElo "1096"]
[BlackElo "1681"]
[EventDate "2020.07.??"]
[EventType "swiss"]
[EventRounds "7"]
[EventCountry "DEN"]

1. d4 d6 2. e4 g6 3. Nf3 Bg7 4. b3 Bd7 5. Bb2 Nh6 6. Nbd2 c5 7. Bc4 b5 8. Bd5
Nc6 9. O-O Rc8 10. Ng5 e6 11. Bxc6 Bxc6 12. Ndf3 d5 13. exd5 Qxd5 14. Ne5 Qxg2#
0-1

[Event "Koege Lang Sommer Weekend 2020"]
[Site "Koge"]
[Date "2020.07.26"]
[Round "6"]
[White "Pawlak, Wojciech Zbignew"]
[Black "Brintlev, Isak Babi"]
[Result "1-0"]
[WhiteElo "1617"]
[BlackElo "1116"]
[EventDate "2020.07.??"]
[EventType "swiss"]
[EventRounds "7"]
[EventCountry "DEN"]

1. c4 e5 2. g3 Nf6 3. Nc3 d5 4. cxd5 Nxd5 5. Bg2 Nxc3 6. bxc3 Nc6 7. Rb1 Rb8 8.
Bxc6+ Bd7 9. Bg2 b6 10. d3 Be7 11. Nf3 O-O 12. Nxe5 Qe8 13. Nxd7 Qxd7 14. O-O
Bf6 15. c4 Rfe8 16. Bb2 Be7 17. e3 c5 18. Qe2 b5 19. cxb5 Rxb5 20. Qc2 Rc8 21.
Be5 Rxb1 22. Rxb1 Bd6 23. Bxd6 Qxd6 24. Qc4 Rd8 25. Rb7 Qg6 26. Bd5 Rf8 27.
Bxf7+ Qxf7 28. Rxf7 Rxf7 29. Qxc5 Rb7 30. Qd5+ 1-0

[Event "Koege Lang Sommer Weekend 2020"]
[Site "Koge"]
[Date "2020.07.26"]
[Round "6"]
[White "Li, Anna Sofie"]
[Black "Gade, Jens"]
[Result "0-1"]
[WhiteElo "1043"]
[BlackElo "1502"]
[EventDate "2020.07.??"]
[EventType "swiss"]
[EventRounds "7"]
[EventCountry "DEN"]

1. d4 d5 2. Nf3 Nf6 3. e3 e6 4. Bd3 c5 5. b3 cxd4 6. exd4 Nc6 7. Bb2 Bd6 8.
Nbd2 O-O 9. O-O Nb4 10. Qe2 Nxd3 11. Qxd3 Bd7 12. Ne5 Rc8 13. Rfe1 a6 14. Ndf3
Bb5 15. Qd2 Ne4 16. Qe3 Rxc2 17. Rab1 Bb4 18. Rec1 Re2 19. Qf4 f6 20. Ng4 Bd3
21. Ra1 Rxb2 22. Qe3 Be2 23. a3 Bxf3 24. Qxf3 Ba5 25. Qd3 Bd2 26. Rd1 Qb6 27.
f3 Rxb3 28. Qe2 Qxd4+ 29. Kh1 Nc5 30. Qxd2 Rd3 31. Qe2 Rxd1+ 32. Rxd1 Qa4 33.
Qe3 Qxd1+ 34. Qg1 Qxg1+ 35. Kxg1 Rc8 36. Kf2 Nd3+ 37. Ke3 Ne5 38. Nf2 Rc3+ 39.
Ke2 Rxa3 40. Nh3 Rc3 41. Nf4 Kf7 0-1

[Event "Koege Lang Sommer Weekend 2020"]
[Site "Koge"]
[Date "2020.07.26"]
[Round "6"]
[White "Jensen, William Gronn"]
[Black "Derlich, Sarah Sima"]
[Result "1-0"]
[WhiteElo "877"]
[BlackElo "1054"]
[EventDate "2020.07.??"]
[EventType "swiss"]
[EventRounds "7"]
[EventCountry "DEN"]

1. e4 e5 2. Nf3 Nc6 3. Bc4 Nf6 4. Ng5 d5 5. exd5 Na5 6. Bb5+ Bd7 7. Bxd7+ Qxd7
8. Nc3 Nxd5 9. d4 exd4 10. Qxd4 Nxc3 11. Qxd7+ Kxd7 12. Nxf7 Re8+ 13. Be3 Rg8
14. bxc3 Bc5 15. Rd1+ Kc6 16. Rd3 Nc4 17. Ke2 Rgf8 18. Ng5 h6 19. Nf3 Na3 20.
Nd4+ Kb6 21. Kd2 Nc4+ 22. Ke2 Nb2 23. Rb1 Ba3 24. Ne6+ Ka5 25. Rd5+ Ka4 26.
Nxf8 Rxf8 27. Bc5 Bxc5 28. Rxc5 Re8+ 29. Kf1 b6 30. Rxc7 Ka3 31. Rxa7+ Na4 32.
Rb3+ Kxa2 33. Rxa4# 1-0

[Event "Koege Lang Sommer Weekend 2020"]
[Site "Koge"]
[Date "2020.07.26"]
[Round "6"]
[White "Borg, Flemming"]
[Black "Nielsen, Leo Kresten Roland"]
[Result "1-0"]
[WhiteElo "1665"]
[BlackElo "1652"]
[EventDate "2020.07.??"]
[EventType "swiss"]
[EventRounds "7"]
[EventCountry "DEN"]

1. e4 c5 2. d4 e6 3. c3 Nf6 4. e5 Nd5 5. f4 cxd4 6. Qxd4 Nc6 7. Qd1 Bc5 8. Nf3
Qb6 9. Qe2 Be3 10. Bxe3 Nxe3 11. Na3 O-O 12. Qd2 f6 13. Nc4 Nxc4 14. Bxc4 Qc5
15. Qe2 a6 16. O-O-O b5 17. Bb3 Na5 18. Bc2 Nc4 19. exf6 Rxf6 20. Qe4 Qe3+ 21.
Kb1 Qxe4 22. Bxe4 d5 23. Bd3 Ne3 24. Rd2 Bb7 25. Nd4 Raf8 26. g3 Nc4 27. Re2
Re8 28. Rhe1 Bc8 29. b3 Nd6 30. f5 Kf7 31. fxe6+ Bxe6 32. Nxe6 Rexe6 33. Rxe6
Rxe6 34. Rxe6 Kxe6 35. Bxh7 Ke5 36. Kc2 1-0

[Event "Koege Lang Sommer Weekend 2020"]
[Site "Koge"]
[Date "2020.07.26"]
[Round "6"]
[White "Derlich, Christian"]
[Black "Koch Mueller, Jesper"]
[Result "1-0"]
[WhiteElo "879"]
[BlackElo "1164"]
[EventDate "2020.07.??"]
[EventType "swiss"]
[EventRounds "7"]
[EventCountry "DEN"]

1. e4 e5 2. Nf3 d6 3. d4 c6 4. Nc3 h6 5. Bc4 Nf6 6. O-O Qe7 7. Re1 c5 8. dxe5
dxe5 9. Nd5 Nxd5 10. Qxd5 Be6 11. Bb5+ Nd7 12. Qxb7 Rb8 13. Qxb8+ Qd8 14. Qxd8+
Kxd8 15. Bxd7 Bxd7 16. Rd1 g6 17. Nxe5 1-0

[Event "Koege Lang Sommer Weekend 2020"]
[Site "Koge"]
[Date "2020.07.26"]
[Round "6"]
[White "Molvig, Alfred"]
[Black "Petersen, Erling Hoff"]
[Result "1-0"]
[WhiteElo "1000"]
[BlackElo "1000"]
[EventDate "2020.07.??"]
[EventType "swiss"]
[EventRounds "7"]
[EventCountry "DEN"]

1. e4 e5 2. Nf3 Nc6 3. Bb5 Bc5 4. O-O d6 5. h3 Bd7 6. c3 Nf6 7. d4 Bb6 8. Re1
a6 9. Ba4 O-O 10. Bg5 Re8 11. Nbd2 exd4 12. Bxc6 Bxc6 13. Nxd4 d5 14. Nxc6 bxc6
15. Qf3 Qd6 16. Rad1 Qe5 17. exd5 Qxg5 18. Ne4 Nxe4 19. Rxe4 cxd5 20. Rf4 Qg6
21. Qxd5 Re2 22. Qd8+ 1-0

[Event "Koege Lang Sommer Weekend 2020"]
[Site "Koge"]
[Date "2020.07.26"]
[Round "6"]
[White "Petersen, Pernille Nakskov"]
[Black "Skjoldborg, Lasse Dahl"]
[Result "0-1"]
[WhiteElo "1000"]
[BlackElo "1188"]
[EventDate "2020.07.??"]
[EventType "swiss"]
[EventRounds "7"]
[EventCountry "DEN"]

1. e4 e5 2. Nf3 Nc6 3. Nc3 Bc5 4. Bb5 Nf6 5. d3 Ng4 6. O-O d6 7. Bg5 Nf6 8. Qd2
Bd7 9. Rfe1 a6 10. Ba4 b5 11. Bb3 Bg4 12. Nh4 h6 13. Be3 Bxe3 14. Qxe3 Nh5 15.
Bd5 Qd7 16. Nf5 O-O 17. h3 Bxf5 18. exf5 Nf6 19. Bxc6 Qxc6 20. Qe4 Nxe4 21.
dxe4 Rad8 22. Rad1 b4 23. Ne2 Qxe4 24. b3 Qxf5 25. Ng3 Qxc2 26. Rd5 Qxa2 27.
Re3 Ra8 28. Nf5 Qb1+ 29. Kh2 Qxf5 30. f3 Qf4+ 31. g3 Qxe3 32. Kg2 e4 33. fxe4
Qxe4+ 34. Kh2 Qxd5 35. h4 Rae8 36. Kh3 Qf5+ 37. g4 Re3+ 38. Kg2 Qxg4+ 39. Kf2
Re2+ 40. Kf1 Qg2# 0-1

[Event "Koege Lang Sommer Weekend 2020"]
[Site "Koge"]
[Date "2020.07.26"]
[Round "7"]
[White "Pedersen, Henrik Dahl"]
[Black "Nilsson, Anders"]
[Result "1-0"]
[WhiteElo "2225"]
[BlackElo "2227"]
[EventDate "2020.07.??"]
[EventType "swiss"]
[EventRounds "7"]
[EventCountry "DEN"]

1. d4 d5 2. Nf3 e6 3. g3 Nf6 4. Bg2 a5 5. O-O Ne4 6. c4 f5 7. Ne5 Nd7 8. Nxd7
Bxd7 9. f3 Nd6 10. cxd5 exd5 11. Nc3 Bc6 12. e4 Be7 13. e5 Nb5 14. Ne2 a4 15.
Be3 O-O 16. Rc1 Bd7 17. f4 c6 18. Rf2 Nc7 19. Bf3 g6 20. Rg2 Ne6 21. Nc3 Qa5
22. g4 Ng7 23. g5 Be6 24. h4 Bf7 25. Rgc2 Be6 26. Ne2 Kf7 27. Ng3 Rh8 28. h5
Ne8 29. Rh2 Nc7 30. Qc2 Nb5 31. Be2 Raf8 32. Bd3 Ke8 33. Kg2 Rhg8 34. hxg6 hxg6
35. Rh7 Rh8 36. Rch1 Rxh7 37. Rxh7 Rf7 38. Rh6 Rg7 39. a3 Kd7 40. Rh8 Nc7 41.
Ne2 b5 42. Ng1 Ne8 43. Nf3 Rg8 44. Rh7 Rg7 45. Rh6 Qc7 46. Nh4 Bf7 47. Nxf5 Kd8
48. Nxg7 Nxg7 49. Rh8+ Ne8 50. Bxg6 Qd7 51. Bxf7 1-0

[Event "Koege Lang Sommer Weekend 2020"]
[Site "Koge"]
[Date "2020.07.26"]
[Round "7"]
[White "Wahlund, Max"]
[Black "Koch Mueller, Oscar"]
[Result "1-0"]
[WhiteElo "2124"]
[BlackElo "1939"]
[EventDate "2020.07.??"]
[EventType "swiss"]
[EventRounds "7"]
[EventCountry "DEN"]

1. d4 Nf6 2. c4 e6 3. Nc3 Bb4 4. e3 O-O 5. Nge2 d5 6. a3 Bxc3+ 7. Nxc3 b6 8.
cxd5 Nxd5 9. e4 Nxc3 10. bxc3 Bb7 11. Bd3 Nd7 12. O-O c5 13. Be3 cxd4 14. cxd4
Nf6 15. f3 Rc8 16. Qb3 Qd7 17. Rfc1 Rxc1+ 18. Rxc1 Rc8 19. Rxc8+ Qxc8 20. Qc4
Qxc4 21. Bxc4 Kf8 22. Kf1 Ke7 23. Bg5 h6 24. Bh4 g5 25. Be1 h5 26. Bd2 Nh7 27.
Ke2 g4 28. Bd3 f6 29. fxg4 hxg4 30. Kf2 Bc8 31. Kg3 Nf8 32. Bb4+ Kf7 33. Bxf8
Kxf8 34. Kxg4 e5+ 35. Kh5 exd4 36. Kg6 Ke7 37. h4 Bd7 38. g4 Bxg4 39. h5 Kf8
40. h6 Kg8 41. Kxf6 Kh7 42. Kg5 Bd7 43. e5+ Kh8 44. Kf6 b5 45. e6 Bc6 46. Ke5
a5 47. Kxd4 b4 48. axb4 axb4 49. Kc5 Be8 50. Kxb4 Kg8 51. Kc5 Kh8 52. Kd6 Kg8
53. Ke7 Ba4 54. h7+ Kg7 55. h8=Q+ Kxh8 56. Kf8 Bc6 57. e7 Ba4 58. Bg6 Bb5 59.
Be8 Be2 60. Bc6 Bh5 61. Bd5 Kh7 62. Bf7 Bg6 63. Bxg6+ Kh8 64. Bh7 1-0

[Event "Koege Lang Sommer Weekend 2020"]
[Site "Koge"]
[Date "2020.07.26"]
[Round "7"]
[White "Hoi, Carsten"]
[Black "Leonhardsen, Vebjorn Maanum"]
[Result "1-0"]
[WhiteElo "2335"]
[BlackElo "1836"]
[EventDate "2020.07.??"]
[EventType "swiss"]
[EventRounds "7"]
[EventCountry "DEN"]

1. d4 d5 2. Nf3 Nf6 3. c4 c6 4. e3 a6 5. Nc3 b5 6. b3 Bg4 7. Be2 e6 8. O-O Be7
9. h3 Bh5 10. Bb2 Nbd7 11. Ne5 Bxe2 12. Nxe2 Qb6 13. Qc2 O-O 14. Rac1 dxc4 15.
Nxd7 Nxd7 16. bxc4 bxc4 17. Rb1 Qa7 18. Qxc4 c5 19. d5 exd5 20. Qxd5 Nf6 21.
Bxf6 Bxf6 22. Rb7 Rad8 23. Qf3 Qa8 24. Rc1 Rd2 25. Ng3 Rxa2 26. Ne4 Rb8 27.
Nxf6+ 1-0

[Event "Koege Lang Sommer Weekend 2020"]
[Site "Koge"]
[Date "2020.07.26"]
[Round "7"]
[White "Molvig, Julius"]
[Black "Kistrup, Nicolai"]
[Result "1/2-1/2"]
[WhiteElo "1955"]
[BlackElo "2170"]
[EventDate "2020.07.??"]
[EventType "swiss"]
[EventRounds "7"]
[EventCountry "DEN"]

1. d4 Nf6 2. c4 g6 3. Nc3 Bg7 4. e4 d6 5. Nf3 O-O 6. Be2 e5 7. O-O Nc6 8. d5
Ne7 9. b4 a5 10. Ba3 axb4 11. Bxb4 b6 12. a4 Re8 13. a5 c5 14. dxc6 Nxc6 15.
Bxd6 Rxa5 16. Rxa5 Nxa5 17. Bxe5 Qxd1 18. Rxd1 Nxe4 19. Nxe4 Bxe5 20. Nxe5 Rxe5
21. Rd8+ Kg7 22. Rxc8 Rxe4 23. Kf1 Kf6 24. c5 Ke5 1/2-1/2

[Event "Koege Lang Sommer Weekend 2020"]
[Site "Koge"]
[Date "2020.07.26"]
[Round "7"]
[White "Moller, Arne Vagn"]
[Black "Eriksson, Christian Altenburg"]
[Result "1/2-1/2"]
[WhiteElo "1893"]
[BlackElo "2119"]
[EventDate "2020.07.??"]
[EventType "swiss"]
[EventRounds "7"]
[EventCountry "DEN"]

1. e4 c5 2. Nf3 Nc6 3. d4 cxd4 4. Nxd4 e5 5. Nb5 d6 6. N1c3 a6 7. Na3 Be7 8.
Nd5 Nf6 9. Nxf6+ Bxf6 10. c3 Be6 11. Be3 b5 12. Nc2 O-O 13. Be2 d5 14. exd5
Qxd5 15. O-O Rfd8 16. Qxd5 Bxd5 17. Bb6 Rdb8 18. Bc5 Be7 19. Bxe7 Nxe7 20. Ne3
Bc6 21. Rfd1 Rd8 22. Rxd8+ Rxd8 23. Rd1 Rxd1+ 24. Bxd1 f5 25. Bb3+ Kf8 26. a3
g6 27. g3 Kg7 28. c4 Kf6 29. cxb5 axb5 30. Bc2 Ke6 31. Kf1 h5 32. Ke2 f4 33.
Nd1 Nf5 34. Bxf5+ Kxf5 35. f3 g5 36. Nc3 fxg3 37. hxg3 h4 38. Kf2 Kg6 39. b3 h3
40. g4 h2 41. Kg2 Bxf3+ 42. Kxh2 Bc6 43. Kg3 Kf6 44. Kf2 Bd7 45. b4 Bxg4 46.
Nxb5 Ke6 47. Nc3 Bf5 48. Ke3 g4 49. a4 Kd6 50. Ne4+ Bxe4 51. Kxe4 Kc6 52. a5
Kb5 53. Ke3 Ka6 54. Ke4 Kb5 55. Ke3 Ka6 1/2-1/2

[Event "Koege Lang Sommer Weekend 2020"]
[Site "Koge"]
[Date "2020.07.26"]
[Round "7"]
[White "Gregor, Bjarke"]
[Black "Svendsen, Mads O"]
[Result "1-0"]
[WhiteElo "2081"]
[BlackElo "1987"]
[EventDate "2020.07.??"]
[EventType "swiss"]
[EventRounds "7"]
[EventCountry "DEN"]

1. e4 c6 2. d4 d5 3. Nd2 dxe4 4. Nxe4 Bf5 5. Ng3 Bg6 6. h4 h6 7. Nf3 Nd7 8. h5
Bh7 9. Bd3 Bxd3 10. Qxd3 e6 11. Bd2 Ngf6 12. O-O-O Qc7 13. Kb1 O-O-O 14. Ne4
Nxe4 15. Qxe4 Nf6 16. Qe2 c5 17. Rh4 Rd5 18. Bf4 Bd6 19. c4 Rxh5 20. Rxh5 Nxh5
21. Bxd6 Qxd6 22. Ne5 Nf4 23. Qf3 1-0

[Event "Koege Lang Sommer Weekend 2020"]
[Site "Koge"]
[Date "2020.07.26"]
[Round "7"]
[White "Petersen, Daniel"]
[Black "Molvig, Henrik"]
[Result "0-1"]
[WhiteElo "1618"]
[BlackElo "2075"]
[EventDate "2020.07.??"]
[EventType "swiss"]
[EventRounds "7"]
[EventCountry "DEN"]

1. d4 Nf6 2. c4 g6 3. Nc3 Bg7 4. e4 d6 5. Nf3 O-O 6. Be2 e5 7. dxe5 dxe5 8.
Qxd8 Rxd8 9. Bg5 c6 10. h3 Re8 11. Rd1 Na6 12. O-O Nc5 13. Bxf6 Bxf6 14. b4 Ne6
15. g3 Nd4 16. Kg2 Bg7 17. c5 a5 18. b5 h6 19. Bc4 Nxf3 20. Kxf3 Bxh3 21. Rh1
Be6 22. Bxe6 Rxe6 23. Rd7 Rb8 24. Rhd1 Bf8 25. Rd8 Rxd8 26. Rxd8 Kg7 27. Rd7
Bxc5 28. Rxb7 Bd4 29. Ne2 Rf6+ 30. Kg4 h5+ 31. Kh3 Rxf2 32. Nxd4 exd4 33. bxc6
Rc2 34. c7 d3 35. Rb3 d2 36. Rd3 Rxc7 37. Rxd2 Rc4 38. Re2 Kf6 39. Kg2 Ke5 40.
Kf3 g5 41. Rh2 Rc3+ 0-1

[Event "Koege Lang Sommer Weekend 2020"]
[Site "Koge"]
[Date "2020.07.26"]
[Round "7"]
[White "Meskenas, Paulius"]
[Black "Loveid, Erik"]
[Result "1/2-1/2"]
[WhiteElo "2027"]
[BlackElo "1844"]
[EventDate "2020.07.??"]
[EventType "swiss"]
[EventRounds "7"]
[EventCountry "DEN"]

1. e4 c6 2. d4 d5 3. Nc3 dxe4 4. Nxe4 Bf5 5. Ng3 Bg6 6. Nh3 e6 7. Nf4 Bd6 8. h4
Bxf4 9. Bxf4 h6 10. h5 Bh7 11. c3 Nf6 12. Bd3 Bxd3 13. Qxd3 Nbd7 14. O-O-O Qa5
15. Kb1 O-O 16. Rde1 Rad8 17. Bd2 Qc7 18. Ne4 c5 19. dxc5 Nxe4 20. Qxe4 Nxc5
21. Qe2 Rd7 22. g4 Rfd8 23. Be3 Qe5 24. Bd4 Qxe2 25. Rxe2 Rd5 26. f3 a6 27. Kc2
Nd7 28. Rhh2 b5 29. f4 b4 30. b3 1/2-1/2

[Event "Koege Lang Sommer Weekend 2020"]
[Site "Koge"]
[Date "2020.07.26"]
[Round "7"]
[White "Mollasoltani, Aryan"]
[Black "Andersen, Rune Egede"]
[Result "0-1"]
[WhiteElo "1439"]
[BlackElo "2003"]
[EventDate "2020.07.??"]
[EventType "swiss"]
[EventRounds "7"]
[EventCountry "DEN"]

1. e4 e6 2. d4 d5 3. exd5 exd5 4. Nf3 Bd6 5. Nc3 Ne7 6. Be2 Bf5 7. a3 c6 8. Bg5
Qc7 9. Qd2 f6 10. Bh4 Bf4 11. Qd1 g5 12. Bg3 Ng6 13. Bxf4 Nxf4 14. g3 Nxe2 15.
Qxe2+ Qe7 16. Qxe7+ Kxe7 17. O-O-O Nd7 18. h4 g4 19. Nd2 Rhg8 20. Rhe1+ Kf7 21.
Re3 Rae8 22. Rde1 Rxe3 23. Rxe3 Nf8 24. b4 Ne6 25. Nb3 b6 26. Ne2 Rc8 27. Rc3
Be4 28. Kd2 Kg6 29. Ke3 Kf5 30. a4 Bf3 31. Ng1 Bg2 32. Ne2 Bf1 33. Kd2 Re8 34.
Re3 Bxe2 35. Kxe2 Rc8 36. c3 Rc7 37. Kd3 Ng7 38. Re1 Kg6 39. Re2 Kf7 40. Re1
Nf5 41. Re2 Nd6 42. Nd2 Rb7 43. Nb3 Nc4 44. Kc2 Rb8 45. Nd2 Nd6 46. Nb3 h5 47.
Re3 Nc4 48. Re2 a5 49. bxa5 bxa5 50. Re1 Rb6 51. Re2 Rb8 52. Re1 f5 53. Re2 Kf6
54. Nd2 Nb6 55. Kb3 Nc8+ 56. Kc2 Nd6 57. Nb3 f4 58. Re5 f3 59. Nd2 Nf7 60. Re3
Rb6 61. Re1 Rb7 62. Re3 Nd6 63. Re5 Nf5 64. Re1 Rh7 65. Nb3 Nd6 66. Nd2 Rb7 67.
Re5 Rb8 68. Re1 Re8 69. Rxe8 Nxe8 70. Nb3 Ke6 71. Nxa5 Kd7 72. Nb3 Nd6 73. Nd2
Kc7 74. Kd3 Kb6 75. c4 Ka5 76. c5 Nf5 77. Nf1 Kxa4 78. Nd2 Kb4 79. Nf1 Kb3 80.
Nd2+ Kb2 81. Nf1 Kc1 82. Ne3 Nxe3 83. Kxe3 Kd1 0-1

[Event "Koege Lang Sommer Weekend 2020"]
[Site "Koge"]
[Date "2020.07.26"]
[Round "7"]
[White "Kaergaard, Sissel"]
[Black "Dymov, Evgenii"]
[Result "1-0"]
[WhiteElo "1638"]
[BlackElo "1336"]
[EventDate "2020.07.??"]
[EventType "swiss"]
[EventRounds "7"]
[EventCountry "DEN"]

1. d4 f5 2. Nf3 Nf6 3. c4 g6 4. Nc3 Bg7 5. e3 O-O 6. Bd3 d6 7. Qb3 Kh8 8. O-O
Qe8 9. e4 fxe4 10. Nxe4 Nxe4 11. Bxe4 Nc6 12. Be3 e5 13. d5 Ne7 14. c5 Nf5 15.
Rac1 h6 16. cxd6 Nxd6 17. Qd3 Rxf3 18. Bxf3 e4 19. Bxe4 Nxe4 20. Rxc7 Bf5 21.
Bd4 Nf6 22. Qc4 Rc8 23. Rxc8 Qxc8 24. Qxc8+ Bxc8 25. Rc1 Bf5 26. d6 Nd5 27.
Bxg7+ Kxg7 28. Re1 Kf8 29. Re5 Nb6 30. Re7 Nd7 31. h3 h5 32. f3 Nb6 33. Rxb7
Nc8 34. d7 Bxd7 35. Rxd7 1-0

[Event "Koege Lang Sommer Weekend 2020"]
[Site "Koge"]
[Date "2020.07.26"]
[Round "7"]
[White "Petersen, Rasmus"]
[Black "Steenstrup, Svend"]
[Result "0-1"]
[WhiteElo "1689"]
[BlackElo "1903"]
[EventDate "2020.07.??"]
[EventType "swiss"]
[EventRounds "7"]
[EventCountry "DEN"]

1. d4 Nf6 2. Nf3 g6 3. g3 Bg7 4. Bg2 O-O 5. O-O d5 6. Nc3 c5 7. dxc5 Nc6 8. Rb1
d4 9. Nb5 e5 10. e3 Qa5 11. Na3 Qxc5 12. exd4 exd4 13. Ne1 Bg4 14. Nd3 Qa5 15.
f3 Be6 16. Bd2 Qd8 17. b3 Qe7 18. Qc1 Nd5 19. Re1 Ne3 20. Nf4 Nb4 21. Bxb4 Qxb4
22. Nxe6 fxe6 23. Nc4 Nxc4 24. bxc4 Qxc4 25. Rxb7 Rac8 26. Re4 Qxa2 27. Rb2 Qa3
28. Qb1 d3 29. Rb3 Qc5+ 0-1

[Event "Koege Lang Sommer Weekend 2020"]
[Site "Koge"]
[Date "2020.07.26"]
[Round "7"]
[White "Nielsen, Angelo"]
[Black "Thomasson, Staffan"]
[Result "1-0"]
[WhiteElo "1717"]
[BlackElo "1900"]
[EventDate "2020.07.??"]
[EventType "swiss"]
[EventRounds "7"]
[EventCountry "DEN"]

1. d4 g6 2. Nf3 Nf6 3. Bg5 Ne4 4. Bf4 c5 5. e3 Bg7 6. Bd3 d5 7. c3 Nc6 8. Nbd2
Bf5 9. Qb1 Nxd2 10. Kxd2 Bxd3 11. Qxd3 cxd4 12. exd4 O-O 13. Rhe1 a6 14. Ke2 b5
15. Kf1 b4 16. Qd2 bxc3 17. Qxc3 Rc8 18. Qd2 Qb6 19. Rad1 Rfe8 20. b3 Nb4 21.
Kg1 Rc2 22. Qe3 Rxa2 23. Re2 Rxe2 24. Qxe2 Nc6 25. Qd3 Qb4 26. h4 h5 27. Be5
Nxe5 28. dxe5 e6 29. Qe3 Rc8 30. Rd4 Qc5 31. Qd3 a5 32. g3 Qc1+ 33. Kg2 Rc3 34.
Qb5 Qa3 35. Rf4 Rxb3 36. Qd7 Qf8 37. Ng5 f5 38. exf6 e5 39. Qe6+ Kh8 40. fxg7+
Qxg7 41. Rf7 1-0

[Event "Koege Lang Sommer Weekend 2020"]
[Site "Koge"]
[Date "2020.07.26"]
[Round "7"]
[White "Winther Jorgensen, Niclas Alexander"]
[Black "Pawlak, Wojciech Zbignew"]
[Result "1-0"]
[WhiteElo "1778"]
[BlackElo "1617"]
[EventDate "2020.07.??"]
[EventType "swiss"]
[EventRounds "7"]
[EventCountry "DEN"]

1. Nf3 Nf6 2. e3 e6 3. b3 d5 4. Bb2 c5 5. c4 Nc6 6. d4 cxd4 7. Nxd4 dxc4 8.
Nxc6 Qxd1+ 9. Kxd1 bxc6 10. Bxc4 Ng4 11. Ke2 f6 12. Nd2 Bd6 13. Ne4 Be5 14.
Rab1 Bxb2 15. Rxb2 Ke7 16. Rd1 Ne5 17. Rbd2 Nxc4 18. bxc4 Ba6 19. Rd7+ Ke8 20.
Rxg7 Bxc4+ 21. Ke1 Bd5 22. Nxf6+ Kf8 23. Rc7 h5 24. e4 Bxa2 25. Nd7+ Ke8 26.
Ne5 Rd8 27. Rxd8+ Kxd8 28. Rxa7 1-0

[Event "Koege Lang Sommer Weekend 2020"]
[Site "Koge"]
[Date "2020.07.26"]
[Round "7"]
[White "Gade, Jens"]
[Black "Andersen, Daniel"]
[Result "0-1"]
[WhiteElo "1502"]
[BlackElo "1747"]
[EventDate "2020.07.??"]
[EventType "swiss"]
[EventRounds "7"]
[EventCountry "DEN"]

1. d4 Nf6 2. c4 g6 3. Nc3 d5 4. e3 Bg7 5. Nf3 O-O 6. Be2 dxc4 7. Bxc4 c5 8. O-O
Nc6 9. dxc5 Qa5 10. Qb3 Qxc5 11. Qb5 Qd6 12. Rd1 Qc7 13. Bd2 Bd7 14. Bb3 Nd4
15. Qc4 Nxf3+ 16. gxf3 Qe5 17. Qf1 Bc6 18. e4 e6 19. Qg2 Qh5 20. Bf4 Nd7 21.
Rac1 Ne5 22. Bxe5 Bxe5 23. h3 Bf4 24. Rc2 Rad8 25. Qg4 Qe5 26. Rxd8 Rxd8 27.
Ne2 Bh6 28. Qg3 Qa5 29. Qh4 Bg5 30. Qg4 h5 31. Qg3 Bh6 32. Nf4 Qe1+ 33. Kh2 Rd1
34. Qg2 Bxf4+ 0-1

[Event "Koege Lang Sommer Weekend 2020"]
[Site "Koge"]
[Date "2020.07.26"]
[Round "7"]
[White "Haagen Larsen, Hans"]
[Black "Olsson, Rasmus"]
[Result "0-1"]
[WhiteElo "1681"]
[BlackElo "1736"]
[EventDate "2020.07.??"]
[EventType "swiss"]
[EventRounds "7"]
[EventCountry "DEN"]

1. b4 e5 2. Bb2 d6 3. Nf3 Nf6 4. e3 Be7 5. c4 b6 6. Be2 Bb7 7. O-O Nbd7 8. d4
e4 9. Nfd2 d5 10. c5 O-O 11. Nc3 Ne8 12. f3 f5 13. fxe4 fxe4 14. Qc2 Ndf6 15.
Na4 Bc8 16. Rf2 Ng4 17. Rxf8+ Bxf8 18. Nf1 a6 19. h3 b5 20. Nc3 Nh6 21. a4 bxa4
22. Rxa4 Qg5 23. Kh1 Nf6 24. b5 Nf5 25. Bc1 Nh4 26. Bd1 Bb7 27. c6 Bc8 28. Qf2
Bd6 29. Nh2 Bg3 30. Qe2 a5 31. Ba3 Nf5 32. Nf1 g6 33. Bb4 Nh5 34. Nxd5 Bd6 35.
Be1 Nhg3+ 36. Bxg3 Nxg3+ 37. Nxg3 Qxg3 38. Nf4 g5 39. Qc4+ Kh8 40. Bb3 gxf4 41.
Qf7 Qe1+ 0-1